Historia contemporanea de América Latina /

Αποθηκεύτηκε σε:
Λεπτομέρειες βιβλιογραφικής εγγραφής
Κύριος συγγραφέας: Halperin Donghi, Tulio
Μορφή: Άγνωστο
Γλώσσα:Spanish
Έκδοση: España : Alianza Editorial , 1977.
Θέματα:
Ετικέτες: Προσθήκη ετικέτας
Δεν υπάρχουν, Καταχωρήστε ετικέτα πρώτοι!

MARC

LEADER 000000000a22000000004500
001 003673
020 |a 8420611921 
041 0 |a spa 
082 0 4 |a 980   |b H175h 
100 1 |a Halperin Donghi, Tulio 
245 1 0 |a Historia contemporanea de América Latina /   |c Tulio Halperin Donghi. 
260 1 |a España :   |b Alianza Editorial ,   |c 1977. 
300 |a 549 páginas ;   |c 18 cm. 
650 4 |a AMERICA LATINA 
650 4 |a HISTORIA 
999 |c 10143  |d 10143 
942 |c BK  |h 980 H175h  |2 z